000 00912nmm a2200277 a 4500
001 ocm0001703172
003 TR-IsHL
005 20201028170355.0
008 180114s2014 tu tur
007 cr cn
020 _a9786055462246
035 _a1703172
_b(N$T)
050 0 4 _aBP183.6
_b.G89 2014
090 0 4 _aBP183.6
_b.G89 2014
100 1 _aGüzel, Ragıp
245 1 0 _aÜç aylar vaazları: (Recep-Şaban-Ramazan)
_h[electronic resource] /
_cRagıp Güzel
250 _aBirinci basım
260 _aİstanbul :
_bIrmak Yayınları,
_c2014
300 _a438 p.
650 4 _aFelsefe, Psikoloji ve Din
650 4 _aPhilosophy, Psychology and Religion
650 0 _aİslami vaazlar, Arapça
650 0 _aIslamic sermons, Arabic
650 7 _aRELIGION / Islam / General
_2bisacsh
856 4 0 _uhttp://search.ebscohost.com/login.aspx?direct=true&scope=site&db=e011xww&AN=1703172
999 _c16234
_d16234